000 00507nam a2200205Ia 4500
005 20240823025152.0
008 240823s9999||||xx |||||||||||||| ||und||
020 _a81-314-0161-8
041 _aENGLISH
082 _A384.5 P6
100 _aRavi Kumar Jain B
245 0 _aWiki : A New Wave in Web Collaboration
250 _a1st
260 _c2006
_bICFAI University
500 _aYES
650 _aWiki
_bManagement Studies
700 _a Rajesh Prabhakar Ed.
942 _cBK
999 _c185673
_d185673